000 00333 a2200157 4500
001 155283
040 _cEscola São Tomás de Aquino
100 _aDANTE, Luiz Roberto
240 1 0 _aProjeto ápis
_lpor
245 1 0 _aProjeto ápis
300 _a240
362 0 _a2014
440 1 _aÁtica
697 _aMATEMÁTICA
942 _cBK
999 _c155283
_d155283